[Event "EThessaloniki SSTH HALK-ch U16"]
[Site "Thessaloniki"]
[Date "2017.11.12"]
[Round "4.2"]
[White "Kokkalis, Grigorios"]
[Black "Karagiannis, Emmanouil"]
[Result "1/2-1/2"]
[WhiteElo "1507"]
[BlackElo "1310"]
[PlyCount "91"]
[EventDate "2017.10.01"]
[EventType "swiss"]
[EventRounds "6"]
[EventCountry "GRE"]
[SourceTitle "EXT 2024"]
[Source "ChessBase"]
[SourceDate "2023.10.10"]
[SourceVersion "1"]
[SourceVersionDate "2023.10.10"]
[SourceQuality "1"]

1. e4 c5 2. Nf3 Nc6 3. Bb5 a6 4. Bxc6 dxc6 5. 0-0 Bg4 6. d3 Nf6 7. Be3 e6 8. Nbd2 Be7 9. Re1 0-0 10. h3 Bxf3 11. Qxf3 Qc7 12. Bf4 Qc8 13. Nc4 Nd7 14. Qg3 Re8 15. Bh6 g6 16. a4 a5 17. Bf4 Rf8 18. Bc7 Bd8 19. Bd6 Re8 20. Re3 Be7 21. Bc7 Bd8 22. Bxd8 Qxd8 23. Nd6 Re7 24. e5 Nb6 25. c4 Rc7 26. Rf3 Qf8 27. Rf4 Qg7 28. Re4 Nc8 29. Nxc8 Raxc8 30. Ra3 Rd8 31. Rb3 Rcd7 32. Qe3 Qf8 33. Qd2 Qe7 34. Re3 Ra8 35. Qc3 Rd4 36. Rb6 Qc7 37. Rb3 Rad8 38. g3 Kg7 39. Qe1 Kg8 40. h4 Kg7 41. Qe2 Qd7 42. Qf3 Qe7 43. Qe2 Kg8 44. Qd2 Qc7 45. Qe2 Qe7 46. Qf3 1/2-1/2

[Event "GRE-chT 44th"]
[Site "Achaia"]
[Date "2016.07.08"]
[Round "5.4"]
[White "Kokkalis, Grigorios"]
[Black "Tsarsitalidis, Konstantinos"]
[Result "1-0"]
[WhiteElo "1273"]
[BlackElo "1506"]
[PlyCount "53"]
[EventDate "2016.07.05"]
[EventType "team-swiss"]
[EventRounds "7"]
[EventCountry "GRE"]
[SourceTitle "CBM 173 Extra"]
[Source "ChessBase"]
[SourceDate "2016.08.29"]
[SourceVersion "1"]
[SourceVersionDate "2016.08.29"]
[SourceQuality "1"]
[WhiteTeam "Oreokastrou Marion"]
[BlackTeam "Thessaloniki HS"]
[WhiteTeamCountry "GRE"]
[BlackTeamCountry "GRE"]

1. d4 Nf6 2. Nf3 e6 3. Bg5 Be7 4. Nbd2 d5 5. e3 0-0 6. Bd3 Nc6 7. c3 h6 8. Bxf6 Bxf6 9. e4 Re8 10. 0-0 a6 11. a4 Rb8 12. Qc2 b5 13. axb5 axb5 14. e5 Be7 15. Nb3 Bd7 16. Nfd2 Ra8 17. Rxa8 Qxa8 18. f4 Qb7 19. f5 Bf8 20. f6 Qb6 21. Kh1 Nd8 22. Rf3 Kh8 23. Rg3 Qa7 24. Qd1 g6 25. Qg4 h5 26. Qg5 Qa2 27. Bxg6 1-0

[Event "GRE-chT 44th"]
[Site "Achaia"]
[Date "2016.07.06"]
[Round "2.7"]
[White "Kokkalis, Grigorios"]
[Black "Basinas, Konstantinos"]
[Result "0-1"]
[WhiteElo "1273"]
[BlackElo "1300"]
[PlyCount "120"]
[EventDate "2016.07.05"]
[EventType "team-swiss"]
[EventRounds "7"]
[EventCountry "GRE"]
[SourceTitle "CBM 173 Extra"]
[Source "ChessBase"]
[SourceDate "2016.08.29"]
[SourceVersion "1"]
[SourceVersionDate "2016.08.29"]
[SourceQuality "1"]
[WhiteTeam "Oreokastrou Marion"]
[BlackTeam "Glyfadas Zenon"]
[WhiteTeamCountry "GRE"]
[BlackTeamCountry "GRE"]

1. d3 d5 2. c3 Nf6 3. Nf3 Bf5 4. Bg5 Nbd7 5. Nbd2 h6 6. Bxf6 Nxf6 7. Qa4+ c6 8. e4 Bh7 9. Be2 e6 10. e5 Nd7 11. d4 Nb6 12. Qb3 Be7 13. 0-0 0-0 14. Ne1 Rc8 15. Bd3 c5 16. Bxh7+ Kxh7 17. Nef3 Qd7 18. Rac1 Qa4 19. Qxa4 Nxa4 20. b3 Nb6 21. Rfd1 Rfd8 22. Nf1 a5 23. Ne3 c4 24. Nd2 Rd7 25. f4 Rdc7 26. bxc4 Nxc4 27. Ndxc4 dxc4 28. Rb1 Rb8 29. Rb5 a4 30. Rdb1 a3 31. d5 Bc5 32. Kf2 exd5 33. Kf3 Bxe3 34. Kxe3 Rd7 35. Kd4 Kg6 36. Rxd5 Rxd5+ 37. Kxd5 b5 38. Ke4 f5+ 39. Ke3 Rd8 40. Ke2 Rd3 41. Rc1 Kf7 42. Rc2 Ke6 43. g3 g5 44. Kf2 g4 45. Kg2 h5 46. Kf2 h4 47. gxh4 Rh3 48. Kg2 Rxh4 49. Rd2 Rh3 50. Rc2 Rf3 51. h4 Rxf4 52. Rc1 Kxe5 53. Rb1 Rf3 54. Rxb5+ Kf6 55. Rb6+ Kg7 56. Rb5 Rxc3 57. Rxf5 Rc2+ 58. Kg3 Rxa2 59. Rg5+ Kh6 60. Rxg4 Rc2 0-1

[Event "GRE-chT 44th"]
[Site "Achaia"]
[Date "2016.07.05"]
[Round "1.8"]
[White "Gkaripis, Marios Ilias"]
[Black "Kokkalis, Grigorios"]
[Result "1/2-1/2"]
[WhiteElo "1324"]
[BlackElo "1273"]
[PlyCount "78"]
[EventDate "2016.07.05"]
[EventType "team-swiss"]
[EventRounds "7"]
[EventCountry "GRE"]
[SourceTitle "CBM 173 Extra"]
[Source "ChessBase"]
[SourceDate "2016.08.29"]
[SourceVersion "1"]
[SourceVersionDate "2016.08.29"]
[SourceQuality "1"]
[WhiteTeam "Naples Sykeon"]
[BlackTeam "Oreokastrou Marion"]
[WhiteTeamCountry "GRE"]
[BlackTeamCountry "GRE"]

1. d4 d6 2. e4 Nf6 3. Nc3 c6 4. Nf3 Bg4 5. Be2 Nbd7 6. Be3 e5 7. d5 Be7 8. 0-0 0-0 9. h3 Bh5 10. Nd2 Bxe2 11. Qxe2 Nb6 12. Bxb6 Qxb6 13. Nb3 Rac8 14. Rfd1 Rfd8 15. Rac1 Nd7 16. Re1 Nc5 17. Nxc5 Qxc5 18. Qe3 Qxe3 19. fxe3 Bg5 20. Rcd1 Rc7 21. Rd3 a6 22. Red1 cxd5 23. exd5 f5 24. e4 fxe4 25. Nxe4 Be7 26. Rc3 Rxc3 27. Nxc3 Rc8 28. a4 Rc4 29. Rd3 Bd8 30. b3 Bb6+ 31. Kf1 Rf4+ 32. Rf3 Rxf3+ 33. gxf3 Kf7 34. Ne4 Ke7 35. Kg2 h6 36. Kg3 Be3 37. Kg4 g6 38. h4 h5+ 39. Kg3 Bf4+ 1/2-1/2

[Event "GRE-ch U12"]
[Site "Porto Rio"]
[Date "2016.07.02"]
[Round "7"]
[White "Koutsourakis, Ioannis"]
[Black "Kokkalis, Grigorios"]
[Result "1-0"]
[WhiteElo "1338"]
[BlackElo "1298"]
[PlyCount "57"]
[EventDate "2016.06.28"]
[EventType "swiss"]
[EventRounds "9"]
[EventCountry "GRE"]
[SourceTitle "CBM 173 Extra"]
[Source "ChessBase"]
[SourceDate "2016.08.29"]
[SourceVersion "1"]
[SourceVersionDate "2016.08.29"]
[SourceQuality "1"]

1. d4 e6 2. c4 b6 3. Nc3 Bb7 4. e3 Bb4 5. Bd2 f5 6. a3 Bxc3 7. Bxc3 Nf6 8. f3 Nh5 9. Qd2 Qh4+ 10. Qf2 Qxf2+ 11. Kxf2 0-0 12. Ne2 d6 13. Ng3 Nxg3 14. hxg3 Nd7 15. Be2 c5 16. Rad1 Rad8 17. Rd2 cxd4 18. exd4 d5 19. Re1 Rfe8 20. Bb4 Nf6 21. b3 a5 22. Bc3 Rc8 23. Rc2 Ba6 24. Bb2 a4 25. Rc3 Nd7 26. bxa4 Bxc4 27. Rec1 e5 28. Bxc4 exd4 29. Bxd5+ 1-0

[Event "GRE-ch U12"]
[Site "Porto Rio"]
[Date "2016.06.29"]
[Round "2"]
[White "Stefanopoulos, Andreas"]
[Black "Kokkalis, Grigorios"]
[Result "0-1"]
[WhiteElo "1037"]
[BlackElo "1298"]
[PlyCount "100"]
[EventDate "2016.06.28"]
[EventType "swiss"]
[EventRounds "9"]
[EventCountry "GRE"]
[SourceTitle "CBM 173 Extra"]
[Source "ChessBase"]
[SourceDate "2016.08.29"]
[SourceVersion "1"]
[SourceVersionDate "2016.08.29"]
[SourceQuality "1"]

1. e4 d6 2. d4 Nf6 3. Nc3 c6 4. Nf3 Bg4 5. Be2 Nbd7 6. Bf4 Qb6 7. Rb1 Bxf3 8. Bxf3 e5 9. dxe5 dxe5 10. Be3 Qc7 11. 0-0 Be7 12. a3 0-0 13. Qe2 Bc5 14. Rfd1 Bxe3 15. Qxe3 Qb6 16. Qe2 Nc5 17. b3 Ne6 18. Rd2 Nd4 19. Qe3 Rad8 20. Rbd1 Qa5 21. a4 Rd7 22. Ne2 Nxc2 23. b4 Nxe3 24. bxa5 Nxd1 25. Rc2 Nb2 26. Nc3 Nd3 27. Kf1 Nf4 28. g3 Ne6 29. Ke1 Nd4 30. Rb2 Nxf3+ 31. Ke2 Nd4+ 32. Ke3 Ng4+ 33. Kd2 Nxf2 34. Ke1 Nd3+ 35. Kd2 Nxb2 36. Kc1 Nc4 37. h4 Rfd8 38. Kb1 Nxa5 39. g4 Nf3 40. h5 Nc4 41. Ne2 Rd1+ 42. Ka2 R8d2+ 43. Kb3 Rxe2 44. Kxc4 Rc2+ 45. Kb3 Rdc1 46. Ka3 a5 47. Kb3 Rc3+ 48. Kb2 R1c2+ 49. Kb1 Nd2+ 50. Ka1 Ra3# 0-1

[Event "GRE-ch U12"]
[Site "Rio Achaia"]
[Date "2015.06.29"]
[Round "6.21"]
[White "Kokkalis, Grigorios"]
[Black "Trigkas, Athanasios"]
[Result "1-0"]
[WhiteElo "1304"]
[BlackElo "1103"]
[PlyCount "59"]
[EventDate "2015.06.26"]
[EventType "swiss"]
[EventRounds "9"]
[EventCountry "GRE"]
[SourceTitle "EXT 2024"]
[Source "ChessBase"]
[SourceDate "2023.10.10"]
[SourceVersion "1"]
[SourceVersionDate "2023.10.10"]
[SourceQuality "1"]

1. e4 e6 2. d4 d5 3. Nc3 dxe4 4. Nxe4 Nd7 5. g3 Ngf6 6. Nxf6+ Qxf6 7. Bg2 Bd6 8. Nf3 e5 9. Bg5 Qf5 10. Qe2 0-0 11. Be3 Re8 12. 0-0 exd4 13. Nxd4 Qe5 14. Qd2 Bc5 15. Rfe1 Qf6 16. Nb5 Bxe3 17. Rxe3 Rxe3 18. Qxe3 Qxb2 19. Qe8+ Nf8 20. Re1 g6 21. Nxc7 Rb8 22. Bd5 Qf6 23. c3 Kg7 24. Re7 Kg8 25. Bxf7+ Kg7 26. Nd5 Qc6 27. Be6+ Kh6 28. Qxf8+ Kh5 29. Rxh7+ Kg5 30. Qf4# 1-0

[Event "GRE-ch U12"]
[Site "Rio Achaia"]
[Date "2015.06.26"]
[Round "1.3"]
[White "Alexakis, Dimitris"]
[Black "Kokkalis, Grigorios"]
[Result "1/2-1/2"]
[WhiteElo "1827"]
[BlackElo "1304"]
[PlyCount "109"]
[EventDate "2015.06.26"]
[EventType "swiss"]
[EventRounds "9"]
[EventCountry "GRE"]
[SourceTitle "EXT 2024"]
[Source "ChessBase"]
[SourceDate "2023.10.10"]
[SourceVersion "1"]
[SourceVersionDate "2023.10.10"]
[SourceQuality "1"]

1. e4 d6 2. d4 Nf6 3. f3 e5 4. dxe5 dxe5 5. Qxd8+ Kxd8 6. Nd2 Nc6 7. c3 Be6 8. Bc4 Bxc4 9. Nxc4 Bc5 10. Bg5 b5 11. 0-0-0+ Ke7 12. Ne3 Bxe3+ 13. Bxe3 Rad8 14. Bc5+ Ke6 15. Nh3 h6 16. Nf2 a5 17. Nd3 Nd7 18. Bf2 b4 19. c4 a4 20. b3 axb3 21. axb3 Ra8 22. Kb2 Ra3 23. Nxb4 Rha8 24. Nd3 Ra2+ 25. Kc3 R8a3 26. Nc5+ Nxc5 27. Bxc5 Ra5 28. Be3 Rxg2 29. Rdg1 Raa2 30. Rxg2 Rxg2 31. Bc5 Ra2 32. h4 Rg2 33. Rg1 Rh2 34. Rxg7 Rh3 35. Rh7 Rxf3+ 36. Kc2 Rf6 37. Be3 Nd4+ 38. Kb2 Nf3 39. Rxh6 Rxh6 40. Bxh6 Nxh4 41. b4 Nf3 42. Be3 f5 43. exf5+ Kxf5 44. Kc3 e4 45. b5 Ke6 46. c5 Kd7 47. c6+ Kd6 48. Kb4 Ne5 49. Bf4 e3 50. Bxe3 Nxc6+ 51. Kc4 Na5+ 52. Kb4 Nb7 53. Bf4+ Kd7 54. Kc4 Nd6+ 55. Kd4 1/2-1/2

[Event "GRE-chT U16"]
[Site "Patras"]
[Date "2012.12.15"]
[Round "2.4"]
[White "Krikoglou, Iordanis"]
[Black "Kokkalis, Grigorios"]
[Result "1-0"]
[WhiteElo "1346"]
[BlackElo "1292"]
[PlyCount "71"]
[EventDate "2012.12.15"]
[EventType "team"]
[EventRounds "5"]
[EventCountry "GRE"]
[SourceTitle "EXT 2020"]
[Source "ChessBase"]
[SourceDate "2019.10.17"]
[SourceVersion "1"]
[SourceVersionDate "2019.10.17"]
[SourceQuality "1"]

1. e4 c6 2. d4 d5 3. exd5 cxd5 4. Nc3 Nf6 5. Nf3 Nc6 6. Bb5 Bf5 7. Ne5 Qc7 8. Bf4 Qb6 9. 0-0 a6 10. Bxc6+ bxc6 11. b3 e6 12. Na4 Qb7 13. Nd3 Bxd3 14. Qxd3 Be7 15. a3 0-0 16. Qc3 Ne4 17. Qd3 Rac8 18. f3 Nf6 19. Nc5 Bxc5 20. dxc5 Rfe8 21. Rfe1 Rc7 22. Bxc7 Qxc7 23. Qxa6 Rc8 24. a4 e5 25. Qb6 Qe7 26. a5 Kf8 27. a6 Ra8 28. a7 Qe8 29. Qb7 Nd7 30. Qxc6 d4 31. Qd6+ Kg8 32. c6 Nb6 33. Rxe5 Qf8 34. Qxf8+ Kxf8 35. Rb5 Nc8 36. Rb8 1-0